[Event "Candidates Tournament (Women)"]
[Site "Toronto"]
[Date "2024.04.20"]
[Round "13.2"]
[White "Salimova, Nurgyul"]
[Black "Lagno, Kateryna"]
[Result "1/2-1/2"]
[WhiteElo "2432"]
[BlackElo "2542"]
[PlyCount "88"]
[EventDate "2024.04.04"]
[EventType "tourn"]
[EventRounds "14"]
[EventCountry "CAN"]
[EventCategory "11"]
[SourceTitle "CB17_2024"]
[SourceDate "2024.04.24"]
[SourceVersion "1"]
[SourceVersionDate "2024.04.24"]
[SourceQuality "1"]

1. Nf3 d5 2. g3 Nf6 3. Bg2 e6 4. 0-0 Be7 5. d4 0-0 6. c4 dxc4 7. Qc2 a6 8. a4 Nbd7 9. Nbd2 b6 10. Ne5 Nxe5 11. dxe5 Nd5 12. Nxc4 Bb7 13. Qe4 Qc8 14. Qg4 f5 15. exf6 Nxf6 16. Qh3 Bxg2 17. Qxg2 Qe8 18. Bg5 Rd8 19. b3 Qh5 20. h4 h6 21. Bxf6 Bxf6 22. Ra2 Rd4 23. e3 Rg4 24. Nd2 Bxh4 25. Rc2 Qg6 26. Rc4 Bd8 27. Rfc1 Rxc4 28. Rxc4 c5 29. Re4 b5 30. axb5 axb5 31. Re5 Qd3 32. Ne4 Qxb3 33. Nxc5 Qc3 34. Rh5 g6 35. Rxh6 Qxc5 36. Rxg6+ Kf7 37. Rh6 Qd5 38. Qh3 Bf6 39. Rh5 Qd1+ 40. Kg2 Qd3 41. Qg4 Rg8 42. Qf4 Rc8 43. e4 Rc4 44. f3 Rc2+ 1/2-1/2

[Event "Candidates Tournament (Women)"]
[Site "Toronto"]
[Date "2024.04.11"]
[Round "7"]
[White "Lagno, Kateryna"]
[Black "Salimova, Nurgyul"]
[Result "1/2-1/2"]
[WhiteElo "2542"]
[BlackElo "2432"]
[PlyCount "81"]
[EventDate "2024.04.04"]
[EventType "tourn"]
[EventRounds "14"]
[EventCountry "CAN"]
[EventCategory "11"]
[SourceTitle "CB17_2024"]
[SourceDate "2024.04.24"]
[SourceVersion "1"]
[SourceVersionDate "2024.04.24"]
[SourceQuality "1"]

1. e4 e5 2. Nf3 Nc6 3. Bb5 Nge7 4. 0-0 Ng6 5. d4 exd4 6. Nxd4 Bc5 7. Be3 Nxd4 8. Bxd4 Bxd4 9. Qxd4 Qg5 10. e5 Nf4 11. g3 a6 12. Bc4 b5 13. Qxf4 Qxf4 14. gxf4 bxc4 15. Nd2 0-0 16. Nxc4 f6 17. Rad1 a5 18. Ne3 fxe5 19. fxe5 Ra6 20. f4 Rg6+ 21. Ng2 Bb7 22. Rf2 d6 23. exd6 cxd6 24. f5 Rh6 25. Rd4 Re8 26. Rfd2 Kf8 27. Rxd6 Rxd6 28. Rxd6 Re2 29. Nf4 Rxc2 30. Rd7 Bc8 31. Ne6+ Ke8 32. Rxg7 Bxe6 33. fxe6 Rxb2 34. a4 Rb4 35. Rxh7 Rxa4 36. Kf2 Re4 37. Ra7 Rxe6 38. Rxa5 Kf7 39. Kg3 Rg6+ 40. Kf4 Rh6 41. Ra7+ 1/2-1/2

[Event "Candidates Tournament (Women)"]
[Site "Toronto"]
[Date "2024.04.09"]
[Round "5"]
[White "Lei, Tingjie"]
[Black "Lagno, Kateryna"]
[Result "1/2-1/2"]
[WhiteElo "2550"]
[BlackElo "2542"]
[PlyCount "87"]
[EventDate "2024.04.04"]
[EventType "tourn"]
[EventRounds "14"]
[EventCountry "CAN"]
[EventCategory "11"]
[SourceTitle "CB17_2024"]
[SourceDate "2024.04.24"]
[SourceVersion "1"]
[SourceVersionDate "2024.04.24"]
[SourceQuality "1"]

1. e4 e5 2. Nf3 Nc6 3. Bc4 Nf6 4. d3 Be7 5. 0-0 0-0 6. Bb3 d6 7. c3 Na5 8. Bc2 c5 9. Re1 Nc6 10. a3 Re8 11. b4 a6 12. Nbd2 h6 13. h3 Bf8 14. Bb2 Nh5 15. Nf1 Nf4 16. Ng3 Qf6 17. d4 exd4 18. cxd4 cxb4 19. axb4 Nxb4 20. Bb1 a5 21. Bc1 Ng6 22. Nh5 Qd8 23. Bd2 Bd7 24. d5 Ne5 25. Nd4 Qh4 26. Ng3 g6 27. Bxb4 axb4 28. Rxa8 Rxa8 29. Qb3 Bg7 30. Nde2 Bxh3 31. Qxb4 Bg4 32. Qxd6 h5 33. Qc7 b5 34. d6 Nc4 35. Qb7 Rd8 36. Qxb5 Nxd6 37. Qb3 Be5 38. Qd5 Qg5 39. Nf5 Nxf5 40. Qxe5 Qd2 41. Qc3 Bxe2 42. Qxd2 Rxd2 43. exf5 Kg7 44. fxg6 1/2-1/2

[Event "Titled Tuesday intern op 13th Feb Early"]
[Site "Chess.com INT"]
[Date "2024.02.13"]
[Round "11"]
[White "Lagno, Kateryna"]
[Black "Omelja, Artem"]
[Result "0-1"]
[WhiteElo "2542"]
[BlackElo "2438"]
[PlyCount "38"]
[EventDate "2024.02.13"]
[EventType "swiss (blitz)"]
[EventRounds "11"]
[EventCountry "USA"]
[SourceTitle "CB08_2024"]
[SourceDate "2024.02.21"]
[SourceVersion "1"]
[SourceVersionDate "2024.02.21"]
[SourceQuality "1"]

1. e4 c5 2. Nf3 Nc6 3. Nc3 g6 4. Bb5 Bg7 5. d3 d6 6. e5 Nh6 7. exd6 exd6 8. Qe2+ Be6 9. Ng5 0-0 10. Nxe6 fxe6 11. Bxc6 bxc6 12. Qxe6+ Kh8 13. 0-0 Nf5 14. Ne4 Re8 15. Qf7 Re7 16. Qb3 Nd4 17. Qa4 Re5 18. Ng3 Qh4 19. c3 Nf3+ 0-1

[Event "Titled Tuesday intern op 06th Feb Early"]
[Site "Chess.com INT"]
[Date "2024.02.06"]
[Round "10"]
[White "Lagno, Kateryna"]
[Black "Ambartsumova, Karina"]
[Result "1-0"]
[WhiteElo "2542"]
[BlackElo "2418"]
[PlyCount "183"]
[EventDate "2024.02.06"]
[EventType "swiss (blitz)"]
[EventRounds "11"]
[EventCountry "USA"]
[SourceTitle "CB07_2024"]
[SourceDate "2024.02.14"]
[SourceVersion "1"]
[SourceVersionDate "2024.02.14"]
[SourceQuality "1"]

1. e4 e5 2. Nf3 Nc6 3. Bb5 Nf6 4. d3 d6 5. 0-0 g6 6. Re1 Bg7 7. c3 Bd7 8. Nbd2 0-0 9. Nf1 Qe8 10. a4 Kh8 11. Ne3 Nh5 12. Nd5 Rc8 13. h3 f5 14. exf5 gxf5 15. d4 e4 16. Nh2 a6 17. Be2 Nf6 18. Nf4 Ne7 19. Nf1 Ng6 20. Ng3 Rg8 21. Nfh5 Nxh5 22. Nxh5 Qf7 23. g3 Bf8 24. Kh2 Re8 25. Be3 d5 26. b3 Bd6 27. Qd2 c6 28. c4 Ref8 29. Nf4 Nxf4 30. Bxf4 Qf6 31. Rad1 Re8 32. c5 Bxf4 33. Qxf4 Re7 34. Bf1 Qg5 35. Re3 Qxf4 36. gxf4 a5 37. Rb1 Ra8 38. b4 axb4 39. Rxb4 Bc8 40. Be2 Rg7 41. Rg3 Kg8 42. Bh5 Kf8 43. Kg2 Ra7 44. Kf1 Be6 45. Ke1 Bc8 46. Kd2 Be6 47. Be2 Bc8 48. Kc2 Be6 49. Kb2 Bc8 50. Ka3 Be6 51. Rb1 Bc8 52. Rbg1 Rxg3+ 53. Rxg3 Ra8 54. Kb4 Be6 55. h4 Kf7 56. h5 Kf6 57. h6 Bf7 58. Bd1 Bg6 59. Be2 Ra7 60. Rg1 Ra8 61. Rb1 Ra7 62. Bd1 Ke7 63. Kc3 Kf6 64. Bc2 Ke7 65. Kb4 Kf6 66. Rg1 Ke7 67. Bd1 Kf6 68. Be2 Kf7 69. a5 Kf6 70. Ka4 Kf7 71. Rb1 Kf6 72. Rb6 Be8 73. a6 bxa6 74. Bxa6 Kg6 75. Ka5 Kxh6 76. Rb8 Bg6 77. Kb6 Re7 78. Kxc6 e3 79. fxe3 Rxe3 80. Kxd5 Re4 81. c6 Bf7+ 82. Kc5 Re1 83. c7 Rc1+ 84. Kd6 Rd1 85. c8Q Rxd4+ 86. Ke5 Re4+ 87. Kf6 Bg6 88. Qf8+ Kh5 89. Rb1 Kg4 90. Rg1+ Kxf4 91. Qd6+ Kf3 92. Qg3# 1-0

[Event "Wch Rapid (Women)"]
[Site "Samarkand"]
[Date "2023.12.26"]
[Round "1"]
[White "Badelka, Olga"]
[Black "Lagno, Kateryna"]
[Result "1/2-1/2"]
[WhiteElo "2395"]
[BlackElo "2542"]
[PlyCount "71"]
[EventDate "2023.12.26"]
[EventType "swiss (rapid)"]
[EventRounds "11"]
[EventCountry "UZB"]
[SourceTitle "CB01_2024"]
[SourceDate "2024.01.03"]
[SourceVersion "1"]
[SourceVersionDate "2024.01.03"]
[SourceQuality "1"]

1. d4 Nf6 2. c4 e6 3. Nf3 d5 4. g3 Bb4+ 5. Bd2 a5 6. Bg2 0-0 7. Qc2 c5 8. dxc5 d4 9. Bxb4 axb4 10. Ne5 Qc7 11. Nd3 Na6 12. 0-0 e5 13. Nd2 Bf5 14. Nb3 Rfe8 15. a3 bxa3 16. Rxa3 Nb4 17. Qd2 Rxa3 18. bxa3 Nc6 19. Nb4 Na5 20. Nxa5 Qxa5 21. Bxb7 Qxc5 22. Bd5 h6 23. Rc1 Rc8 24. Bg2 e4 25. Rd1 Qxc4 26. h3 d3 27. exd3 exd3 28. Qf4 Qxf4 29. gxf4 Rc3 30. a4 Rc4 31. Nc6 Be4 32. Bxe4 Nxe4 33. Ne5 Rxa4 34. Rxd3 Nf6 35. Rd8+ Kh7 36. Nxf7 1/2-1/2

[Event "Moscow Chess Stars 3.0 Rapid"]
[Site "Moscow"]
[Date "2023.12.14"]
[Round "2"]
[White "Lagno, Kateryna"]
[Black "Goryachkina, Aleksandra"]
[Result "1/2-1/2"]
[WhiteElo "2542"]
[BlackElo "2553"]
[PlyCount "53"]
[EventDate "2023.12.14"]
[EventType "tourn (rapid)"]
[EventRounds "9"]
[EventCountry "RUS"]
[EventCategory "17"]
[SourceTitle "CB51_2023"]
[SourceDate "2023.12.20"]
[SourceVersion "1"]
[SourceVersionDate "2023.12.20"]
[SourceQuality "1"]

1. e4 e5 2. Nf3 Nc6 3. Bb5 Nf6 4. d3 Bc5 5. Nbd2 Nd4 6. Ba4 0-0 7. Nxe5 b5 8. c3 bxa4 9. cxd4 Bxd4 10. Nef3 Bb6 11. 0-0 Ba6 12. e5 Ne8 13. Ne4 d6 14. Qxa4 Bxd3 15. Bg5 Qc8 16. Rfe1 Bxe4 17. Qxe4 f6 18. exd6 Nxd6 19. Qd5+ Kh8 20. Be3 Qf5 21. Qxf5 Nxf5 22. Bxb6 axb6 23. a3 Rad8 24. Rac1 c5 25. b4 cxb4 26. axb4 Nd4 27. Rc7 1/2-1/2

[Event "Moscow Dokhoian Memorial Blitz"]
[Site "Moscow"]
[Date "2023.12.09"]
[Round "2"]
[White "Borisova, Ekaterina"]
[Black "Lagno, Kateryna"]
[Result "1-0"]
[WhiteElo "2168"]
[BlackElo "2542"]
[PlyCount "108"]
[EventDate "2023.12.09"]
[EventType "tourn (blitz)"]
[EventRounds "11"]
[EventCountry "RUS"]
[EventCategory "5"]
[SourceTitle "CB50_2023"]
[SourceDate "2023.12.13"]
[SourceVersion "1"]
[SourceVersionDate "2023.12.13"]
[SourceQuality "1"]

1. d4 Nf6 2. c4 d6 3. Nf3 g6 4. g3 Bg7 5. Bg2 0-0 6. 0-0 Nc6 7. Nc3 e5 8. dxe5 dxe5 9. Bg5 h6 10. Qxd8 Rxd8 11. Bxf6 Bxf6 12. Nd5 Bg7 13. Nxc7 Rb8 14. Nd5 Be6 15. Nd2 Rbc8 16. e3 Bf8 17. a3 Na5 18. Rac1 b5 19. b3 bxc4 20. bxc4 Nxc4 21. Rxc4 Rxc4 22. Nxc4 Bxd5 23. Rd1 Bxg2 24. Rxd8 Be4 25. Nxe5 Kg7 26. f3 Bf5 27. e4 Be6 28. a4 Bc5+ 29. Kg2 Bb6 30. Ra8 Bb3 31. Nd7 Bd4 32. a5 Ba4 33. Nb8 Bb5 34. g4 Kf6 35. h4 Ke7 36. f4 Kd6 37. Kg3 Kc7 38. Na6+ Bxa6 39. Rf8 Bc4 40. e5 Kd7 41. Rh8 Bc3 42. a6 Bxa6 43. Rxh6 Bc4 44. Rh8 a5 45. h5 gxh5 46. gxh5 a4 47. h6 Bd3 48. Ra8 Bh7 49. Rxa4 Ke6 50. Kg4 f6 51. Ra6+ Kf7 52. Rxf6+ Kg8 53. Rc6 Be4 54. Rxc3 Bd5 1-0